| 000 | 01030nam a22003257a 4500 | ||
|---|---|---|---|
| 001 | 0036439 | ||
| 003 | KOHA_MİRAKIL | ||
| 005 | 20260207003007.0 | ||
| 007 | ta | ||
| 008 | 120430b2011 tu a|||gr||||#||||0|tur | | ||
| 020 |
_a9786051050720 _c19,32 |
||
| 040 |
_aTR-BiSEU _btur _cTR-BiSEU _erda |
||
| 041 | 0 | _atur | |
| 044 | _ctu | ||
| 050 |
_aDF521 _b.B93 2011 |
||
| 245 | 0 |
_aBizans : _bYapılar, meydanlar, yaşamlar/ _cedt. Annie Pralong; çev. Buket Kitapçı-Bayrı . |
|
| 264 | 1 |
_aİstanbul : _bKitap Yayınevi _c2011 |
|
| 300 |
_a397 sayfa : _bres. ; _c24 cm. |
||
| 336 |
_ametin _btxt _2rdacontent |
||
| 337 |
_aaracısız _bn _2rdamedia |
||
| 338 |
_acilt _bnc _2rdacarrier |
||
| 490 | 1 |
_aKitap Yayınevi ; _v248. |
|
| 490 | 1 |
_aTarih ve Coğrafya Dizisi ; _v76. |
|
| 500 | _aDizin var. | ||
| 650 | 0 |
_aBizans İmparatorluğu--Medeniyet. _969034 |
|
| 650 | 0 |
_aByzantine Empire--Civilization. _963759 |
|
| 830 | 1 |
_aKitap Yayınevi ; _v248. _941712 |
|
| 830 | 1 |
_aTarih ve Coğrafya Dizisi ; _v76. _969035 |
|
| 942 |
_2lcc _cBK |
||
| 999 |
_c36337 _d36337 |
||